000 00995pam a2200277La 4500
001 60157
005 20230410132859.0
008 050616s2008 sp a e 000 0 spa
020 _a9788483067499
049 _aGRAL
050 1 4 _aB PN 1998.3
_bM468E 2008
082 0 0 _a791.4302/32/092
100 1 _aEyman, Scott,
_d1951-
245 1 3 _aEl león de Hollywood :
_bla vida y leyenda de Louis B. Mayer /
_cScott Eyman; traducción de Ricardo García Pérez.
260 _aBarcelona :
_bDebate,
_c2008.
300 _a717 p. :
_bill.
500 _aTítulo original: Lion of Hollywood ; the life and legend of Louis B. Mayer
600 1 0 _aMayer, Louis B.
_q(Louis Burt),
_d1885-1957.
650 0 _aMotion picture producers and directors
_zUnited States
_vBiography.
600 1 4 _aBurt Mayer, Louis, 1885-1957
_vBiografías.
650 4 _aDirectores y productores de cine
_vBiografías.
700 1 _aGarcía Pérez, Ricardo,
_etr
942 _2lcc
_cbk
946 _amfcruz
994 _aC0
_bDRFGD
999 _c89468
_d89468